<?xml version="1.0" encoding="UTF-8"?>
<record
    xmlns:xsi="http://www.w3.org/2001/XMLSchema-instance"
    xsi:schemaLocation="http://www.loc.gov/MARC21/slim http://www.loc.gov/standards/marcxml/schema/MARC21slim.xsd"
    xmlns="http://www.loc.gov/MARC21/slim">

  <leader>01231nam a22003257a 4500</leader>
  <controlfield tag="001">BR2026001429</controlfield>
  <controlfield tag="003">BR-BrBNA</controlfield>
  <controlfield tag="005">20260429172617.0</controlfield>
  <controlfield tag="008">260429b        bl.||||| |||| 00| 0 por d</controlfield>
  <datafield tag="040" ind1=" " ind2=" ">
    <subfield code="a">BR-BrBNA</subfield>
    <subfield code="b">por</subfield>
  </datafield>
  <datafield tag="041" ind1=" " ind2=" ">
    <subfield code="a">por</subfield>
  </datafield>
  <datafield tag="072" ind1=" " ind2=" ">
    <subfield code="a">E10</subfield>
  </datafield>
  <datafield tag="090" ind1=" " ind2=" ">
    <subfield code="a">E10</subfield>
    <subfield code="b">BR2026001429</subfield>
  </datafield>
  <datafield tag="100" ind1="0" ind2=" ">
    <subfield code="4">aut.</subfield>
    <subfield code="a">Couto de Magalh&#xE3;es, </subfield>
  </datafield>
  <datafield tag="245" ind1=" " ind2=" ">
    <subfield code="a">Viagem ao Araguaya :</subfield>
    <subfield code="c">Couto de Magalh&#xE3;es.</subfield>
  </datafield>
  <datafield tag="250" ind1=" " ind2=" ">
    <subfield code="a">5.ed.</subfield>
  </datafield>
  <datafield tag="260" ind1=" " ind2=" ">
    <subfield code="a">S&#xE3;o Paulo, SP (Brasil) :</subfield>
    <subfield code="b">Companhia Editora Nacional, </subfield>
    <subfield code="c">1938.</subfield>
  </datafield>
  <datafield tag="300" ind1=" " ind2=" ">
    <subfield code="a">282 p.</subfield>
  </datafield>
  <datafield tag="490" ind1=" " ind2=" ">
    <subfield code="a">Cole&#xE7;&#xE3;o Brasiliana,</subfield>
    <subfield code="v">v. 28,</subfield>
  </datafield>
  <datafield tag="500" ind1=" " ind2=" ">
    <subfield code="a">Cartografia hist&#xF3;rica.</subfield>
  </datafield>
  <datafield tag="500" ind1=" " ind2=" ">
    <subfield code="a">Literatura hist&#xF3;rica colonial brasileira.</subfield>
  </datafield>
  <datafield tag="520" ind1=" " ind2=" ">
    <subfield code="a">A obra, descreve aspectos geogr&#xE1;ficos, naturais e sociais do interior do Brasil. A obra re&#xFA;ne observa&#xE7;&#xF5;es sobre a paisagem, os povos locais e as condi&#xE7;&#xF5;es de explora&#xE7;&#xE3;o do territ&#xF3;rio, contribuindo para o conhecimento hist&#xF3;rico e regional da &#xE1;rea.</subfield>
  </datafield>
  <datafield tag="546" ind1=" " ind2=" ">
    <subfield code="a">Texto com grafia antiga</subfield>
  </datafield>
  <datafield tag="650" ind1=" " ind2=" ">
    <subfield code="a">OCUPCAO DA TERRA</subfield>
  </datafield>
  <datafield tag="650" ind1=" " ind2=" ">
    <subfield code="a">GESTAO TERRITORIAL </subfield>
  </datafield>
  <datafield tag="650" ind1=" " ind2=" ">
    <subfield code="a">ORDENAMENTO TERRITORIAL </subfield>
  </datafield>
  <datafield tag="856" ind1=" " ind2=" ">
    <subfield code="u">https://bdor.sibi.ufrj.br/bitstream/doc/106/1/28%20PDF%20-%20OCR%20-%20RED.pdf</subfield>
  </datafield>
  <datafield tag="909" ind1=" " ind2=" ">
    <subfield code="a">202604</subfield>
    <subfield code="b">Mois&#xE9;s</subfield>
  </datafield>
  <datafield tag="942" ind1=" " ind2=" ">
    <subfield code="c">BK</subfield>
  </datafield>
  <datafield tag="999" ind1=" " ind2=" ">
    <subfield code="c">341630</subfield>
    <subfield code="d">341630</subfield>
  </datafield>
  <datafield tag="952" ind1=" " ind2=" ">
    <subfield code="0">0</subfield>
    <subfield code="2">AGRIS</subfield>
    <subfield code="4">0</subfield>
    <subfield code="7">0</subfield>
    <subfield code="8">OBRAS RARAS</subfield>
    <subfield code="a">41918</subfield>
    <subfield code="b">41918</subfield>
    <subfield code="c">AGROBASE OR	</subfield>
    <subfield code="l">0</subfield>
    <subfield code="o">E10 BR2026001429 OBR</subfield>
    <subfield code="p">2026-1821</subfield>
    <subfield code="r">2026-04-29</subfield>
    <subfield code="y">BK</subfield>
  </datafield>
</record>
